000 00955nam a22002177a 4500
999 _c4244
_d4244
003 AR-CdUCM
008 190308b ||||| |||| 00| 0 spa d
040 _aMUNICIPALIDAD PROVINCIAL DEL CUSCO
_cBIBLIOTECA MUNICIPAL DEL CUSCO
082 _a711.30 /
_bV48
100 _aVergara Belaúnde, Ricardo
_913423
245 _aProceso de urbanización en el trapecio andino :
_bpropuestas de planificación para el desarrollo regional /
260 _aLima :
_bFundación Friedrich Ebert,
_c1988.
300 _a128 páginas ;
_bCuadros, Diagramas,
_c20 cm.
505 _aContenido: El proceso de urbanización. La reestructuración de los patrones productivas agrícolas. El desarrollo de las actividades urbanas. El proyecto-plan del trapecio andino. Hacia un plan de desarrollo del trapecio andino.
650 _aUrbanismo
_94748
650 _aAndes
_9319
650 _aPoblación
_93673
650 _aCrecimiento
_96856
942 _2ddc
_cLIBROS
945 _adavv